Statistical techniques in business and economics / (Record no. 10524)
[ view plain ]
| 000 -LEADER | |
|---|---|
| fixed length control field | 01183cam a22003012 4500 |
| 001 - CONTROL NUMBER | |
| control field | 0000001261 |
| 005 - DATE AND TIME OF LATEST TRANSACTION | |
| control field | 20151217154328.0 |
| 008 - FIXED-LENGTH DATA ELEMENTS--GENERAL INFORMATION | |
| fixed length control field | 070228s xx 000 0 eng d |
| 020 ## - INTERNATIONAL STANDARD BOOK NUMBER | |
| International Standard Book Number | 0073039357 (student's ed.) : |
| Terms of availability | KES 500 (don.) |
| 020 ## - INTERNATIONAL STANDARD BOOK NUMBER | |
| International Standard Book Number | 0073039365 (instructor's ed.) |
| 040 ## - CATALOGING SOURCE | |
| Original cataloging agency | KABU |
| Transcribing agency | KABU |
| 050 #0 - LIBRARY OF CONGRESS CALL NUMBER | |
| Classification number | HA29 |
| Item number | .M37 1999 |
| 100 1# - MAIN ENTRY--PERSONAL NAME | |
| Personal name | Mason, Robert Deward, |
| Dates associated with a name | 1919-. |
| -- | 0000149885 |
| 245 10 - TITLE STATEMENT | |
| Title | Statistical techniques in business and economics / |
| Statement of responsibility, etc. | Robert D. Mason, Douglas A. Lind, William G. Marchal. |
| 250 ## - EDITION STATEMENT | |
| Edition statement | 10th ed. |
| 260 ## - PUBLICATION, DISTRIBUTION, ETC. (IMPRINT) | |
| Place of publication, distribution, etc. | Boston, Mass. : |
| Name of publisher, distributor, etc. | Irwin/McGraw-Hill, |
| Date of publication, distribution, etc. | c1999. |
| 300 ## - PHYSICAL DESCRIPTION | |
| Extent | xx, 791 p. : |
| Other physical details | col. ill. ; |
| Dimensions | 27 cm. + |
| Accompanying material | 1 computer laser optical disc (43/4 in.) |
| 504 ## - BIBLIOGRAPHY, ETC. NOTE | |
| Bibliography, etc | Includes bibliographical references and index. |
| 650 #0 - SUBJECT ADDED ENTRY--TOPICAL TERM | |
| Topical term or geographic name as entry element | Social sciences |
| General subdivision | Statistical methods. |
| -- | 0000148274 |
| 650 #0 - SUBJECT ADDED ENTRY--TOPICAL TERM | |
| Topical term or geographic name as entry element | Economics |
| General subdivision | Statistical methods. |
| -- | 0000149882 |
| 650 #0 - SUBJECT ADDED ENTRY--TOPICAL TERM | |
| Topical term or geographic name as entry element | Commercial statistics. |
| -- | 0000149884 |
| 700 1# - ADDED ENTRY--PERSONAL NAME | |
| Personal name | Lind, Douglas A. |
| -- | 0000149881 |
| 700 1# - ADDED ENTRY--PERSONAL NAME | |
| Personal name | Marchal, William G. |
| -- | 0000149886 |
| 908 ## - PUT COMMAND PARAMETER (RLIN) | |
| Put command parameter | 070228 |
| 950 ## - LOCAL HOLDINGS (RLIN) | |
| -- | 1 |
| Withdrawn status | Lost status | Source of classification or shelving scheme | Not for loan | Home library | Current library | Date acquired | Total Checkouts | Full call number | Barcode | Date last seen | Date last checked out | Price effective from | Koha item type | Total Renewals |
|---|---|---|---|---|---|---|---|---|---|---|---|---|---|---|
| Library of Congress Classification | Kabarak, Main Campus | Kabarak, Main Campus | 17/12/2015 | 4 | HA29 .M37 1999 | 000583 | 02/08/2024 | 23/11/2019 | 17/12/2015 | General Collection | ||||
| Library of Congress Classification | Kabarak, Main Campus | Kabarak, Main Campus | 17/12/2015 | 5 | HA29 .M37 1999 | 000584 | 02/08/2024 | 26/10/2019 | 17/12/2015 | General Collection | 1 |